=LDR 00000nam 2200000 4500 =001 INLIS000000000024488 =005 20130612123054 =008 ***********************************Ind** =035 ##$$0010-061300000024488 =041 ##$$a Ind =082 ##$$a 372 =090 ##$$a 372, Kli s =100 ##$$a Klinken, Helene Van =245 ##$$a Sim sala bim, Helena Van Klinken =260 ##$$a 1994 $b Yogyakarta =300 ##$$a 16 hlm, ilus, 18 cm =650 ##$$a Bacaan kanak-kanak =850 ##$$a NBPNMAT